Catálogo público

Memoria (Record no. 54555)

MARC details
000 -CABECERA
campo de control de longitud fija 01293nam a22003497a 4500
003 - IDENTIFICADOR DEL NÚMERO DE CONTROL
campo de control CHAP
005 - FECHA Y HORA DE LA ÚLTIMA TRANSACCIÓN
campo de control 20220329140611.0
008 - DATOS DE LONGITUD FIJA--INFORMACIÓN GENERAL
campo de control de longitud fija 971013s1981 r 10010 d
010 ## - NÚMERO DE CONTROL DE LA BIBLIOTECA DEL CONGRESO
Número de control de LC 54555
011 ## - ENLACE DEL NUMERO DE CONTROL DE LA BIBLIOTECA DEL CONGRESO [OBSOLETO]
Número de control de LC 55527
035 ## - NÚMERO DE CONTROL DEL SISTEMA
Número de control de sistema 59679
040 ## - FUENTE DE LA CATALOGACIÓN
Centro/agencia transcriptor CHAP
082 ## - NÚMERO DE LA CLASIFICACIÓN DECIMAL DEWEY
Número de clasificación 634
Número de documento/Ítem S4
111 00 - ENTRADA PRINCIPAL--NOMBRE DE CONGRESO/REUNIÓN
Nombre de congreso/reunión o jurisdicción como elemento de entrada Seminario sobre Manejo y Conservación de Frutas, Hortalizas y Flores (
Fecha del congreso/reunión 1980
Sede del congreso/Lugar de la reunión : Guadalajara, Jal.)
9 (RLIN) 104322
245 ## - MENCIÓN DE TÍTULO
Título Memoria
260 ## - PUBLICACIÓN, DISTRIBUCIÓN, ETC.
Lugar de publicación, distribución, etc. México, D.F. :
Nombre del editor, distribuidor, etc. Fondo de Garantía y Fomento para la Agricultura, Ganadería y Avicultura,
Fecha de publicación, distribución, etc. 1981
300 ## - DESCRIPCIÓN FÍSICA
Extensión 341 p.
Otras características físicas ; gráfs.
590 ## - NOTA LOCAL (RLIN)
Nota local BATCH-UPD
Procedencia (VM) [OBSOLETO] 10
Condición del los carretes individuales (VM) [OBSOLETO] 20130110
-- UCH01
-- 1210
590 ## - NOTA LOCAL (RLIN)
Nota local BATCH-UPD
Procedencia (VM) [OBSOLETO] 10
Condición del los carretes individuales (VM) [OBSOLETO] 20130410
-- UCH01
-- 0749
590 ## - NOTA LOCAL (RLIN)
Nota local BATCH-UPD
Procedencia (VM) [OBSOLETO] 10
Condición del los carretes individuales (VM) [OBSOLETO] 20130914
-- UCH01
-- 1417
590 ## - NOTA LOCAL (RLIN)
Nota local CONVERSION
Procedencia (VM) [OBSOLETO] 10
Condición del los carretes individuales (VM) [OBSOLETO] 20130109
-- UCH01
-- 1329
650 14 - PUNTO DE ACCESO ADICIONAL DE MATERIA--TÉRMINO DE MATERIA
Término de materia o nombre geográfico como elemento de entrada Flores
Subdivisión general Fisiología y morfología.
9 (RLIN) 41379
650 14 - PUNTO DE ACCESO ADICIONAL DE MATERIA--TÉRMINO DE MATERIA
Término de materia o nombre geográfico como elemento de entrada Flores
Subdivisión general Preservación.
9 (RLIN) 41402
650 14 - PUNTO DE ACCESO ADICIONAL DE MATERIA--TÉRMINO DE MATERIA
Término de materia o nombre geográfico como elemento de entrada Fruta
Subdivisión general Conservación.
9 (RLIN) 43602
650 14 - PUNTO DE ACCESO ADICIONAL DE MATERIA--TÉRMINO DE MATERIA
Término de materia o nombre geográfico como elemento de entrada Fruta
Subdivisión general Fisiología y morfología.
9 (RLIN) 43618
650 14 - PUNTO DE ACCESO ADICIONAL DE MATERIA--TÉRMINO DE MATERIA
Término de materia o nombre geográfico como elemento de entrada Legumbres
Subdivisión general Conservación.
9 (RLIN) 65696
901 ## - ELEMENTOS DE DATOS A LOCAL LDA (RLIN)
a BK
942 ## - ELEMENTOS DE PUNTO DE ACCESO ADICIONAL (KOHA)
Tipo de ítem Koha Libro
949 ## - PROCESAMIENTO DE INFORMACIÓN LOCAL (OCLC)
a 634 S4
b BC
c CONG
d -128981
e CONG
h 55727
i 59679
s i
949 ## - PROCESAMIENTO DE INFORMACIÓN LOCAL (OCLC)
a 634 S4
b BC
c LIBRO
d 33724000664447
e LIBRO
f c.2
h 55428
i 59679
s i
949 ## - PROCESAMIENTO DE INFORMACIÓN LOCAL (OCLC)
a 634 S4
b BC
c LIBRO
d 33724000687158
e LIBRO
f c.3
h 92259
i 59679
s i
Holdings
Estado de retiro Estado de pérdida Fuente del sistema de clasificación o colocación Estado dañado Restricciones de uso No para préstamo Código de colección Localización permanente Ubicación/localización actual Ubicación en estantería Fecha de adquisición Información codificada de la localización en otra ubicación Total de préstamos Signatura topográfica completa Código de barras Fecha visto por última vez Precio válido a partir de Tipo de ítem Koha Número de copia
    Dewey Decimal Classification   Préstamo interno   Congresos Biblioteca Central Biblioteca Central Planta alta - Área de Tesis - Congresos 31/12/2019 LIBRO   634 S4 -128981 31/12/2019 31/12/2019 Libro  
    Dewey Decimal Classification   Préstamo 15 días   General Biblioteca Central Biblioteca Central Planta principal - Colección General 31/12/2019 LIBRO   634 S4 33724000664447 31/12/2019 31/12/2019 Libro c.2
    Dewey Decimal Classification   Préstamo 15 días   General Biblioteca Central Biblioteca Central Planta principal - Colección General 31/12/2019 LIBRO   634 S4 33724000687158 31/12/2019 31/12/2019 Libro c.3